| 000 | 00772nam a2200205 i 4500 | ||
|---|---|---|---|
| 001 | 17456 | ||
| 003 | ES-MaACL | ||
| 005 | 20230906151605.0 | ||
| 007 | t| | ||
| 008 | 010309s2000 sp ||||1| spa d | ||
| 080 | _a821.134.2-32"19"(082.2) | ||
| 080 | _a821.134.2-14"19"(082.2) | ||
| 245 | 0 | 0 |
_aX Premio de Relatos Cortos. IV Premio de Poesía Rincón Poético. XII Pregón de la Feria de la Manzanilla _b: Ateneo de Sanlúcar, Sanlúcar de Bda., 2000. |
| 260 |
_aSanlúcar de Barrameda : _bAteneo de Sanlúcar de Barrameda, _c2000. |
||
| 300 |
_a97 p. ; _c21 cm. |
||
| 650 | 4 |
_aNovelas cortas españolas- _yS.XX. _915633 |
|
| 650 | 4 |
_aPoesías españolas- _yS.XX. _916221 |
|
| 710 | 2 |
_aAteneo de Sanlúcar de Barrameda. _92022 |
|
| 852 |
_aES-MaACL _jL-24365 _bR.129881 |
||
| 999 |
_c17456 _d17456 |
||